• 首页
  • 本馆介绍
  • 公告通知
  • 最新文献
  • 馆藏检索
  • 电子资源
  • 读者导购
  • 参考咨询
  • 我的图书馆
  • 登录
  • 详细信息显示
  • 放入我的书架
  • 预约/预借图书
  • 作者相关作品
  • 分类相关作品
  • 丛书相关作品
  • 出版社相关作品

书目信息

  • 表格格式
  • 工作单格式
  • 卡片格式
题名:
三角级数论
    
 
作者: 陈建功 著
分册: 上册  
出版信息: 上海   上海科学技术出版社  1964
页数: 359页
开本: 20cm
丛书名:
单 册:
中图分类: O174.21
科图分类:
主题词: 三角级数
电子资源:
ISBN:
000 00597nam0 2200229 45
001 0179002026
005 20040520154249.9
010    @b精装@dCNY2.80
091    @a13119.646
100    @a19950725e19791964em y0chiy0121 ea
101 0  @achi
102    @aCN@b310000
105    @ay z 000yy
106    @ar
200 10 @a三角级数论@Asan jiao ji shu lun@h上册@f陈建功著
210    @a上海@c上海科学技术出版社@d1964@h1979重印
215    @a359页@d20cm
606    @a三角级数
690    @aO174.21@v3
701  0 @a陈建功@Achen jian gong@4著
801  0 @aCN@bNLC@c20040520
905    @f1@b9904@dO174.21@e19
    
    三角级数论.上册/陈建功著.-上海:上海科学技术出版社,1964(1979重印)
    359页;20cm
    
    
    ISBN (精装):CNY2.80
    
●
相关链接 在E读中查询图书 在五车中查询图书 在当当中查询图书 在豆瓣中查询图书


正题名:三角级数论     索取号:O174.21/19         预约/预借

序号 登录号 条形码 馆藏地/架位号 状态 备注
1 0009904   000421234   第二样本阅览室/ [索取号:O174.21/19] 在馆    
唐山师范学院图书馆 欢迎您!
大连网信软件有限公司© 版权所有